00350pab a2200133 454500008004000000100002100040245006500061260000900126300001400135362000800149650001600157650001400173773002900187180718b2009 xxu||||| |||| 00| 0 eng d aLever, Annabelle aDemocracy and judicial review: are they really incompatible? c2009 ap.805-22. aDec aDemocracy  aJudiciary aPerspectives on Politics